Hertfordshire CC v Ozanne and others (Record no. 29121)

MARC details
000 -LEADER
fixed length control field 01580cab a2200217 4500
001 - CONTROL NUMBER
control field ABS44237
008 - FIXED-LENGTH DATA ELEMENTS--GENERAL INFORMATION
fixed length control field 090401t1991 xxu||||| |||| 00| 0 eng d
035 ## - SYSTEM CONTROL NUMBER
System control number (Sirsi) u46030
041 ## - LANGUAGE CODE
Language code of text/sound track or separate title eng
245 ## - TITLE STATEMENT
Title Hertfordshire CC v Ozanne and others
260 ## - PUBLICATION, DISTRIBUTION, ETC.
Date of publication, distribution, etc. 1991
350 ## - PRICE (NR) (BK AM CF MU VM SE) [OBSOLETE]
Price 0
490 ## - SERIES STATEMENT
Series statement Weekly Law Reports
Volume/sequential designation 1991 WLR 105-119(10)
520 ## - SUMMARY, ETC.
Summary, etc. HL 14 February 1991. Appeal by Hertfordshire CC (H) against a CA decision (Abstract 41679) covering the assessment of value of land acquired by a compulsory purchase order for highway improvements . The claimants Ozanne and others (O) referred their claim for compensation to LT, claiming that as the land had been acquired for residential development thus enhancing its value . LT determined compensation of £1,240,000 as against the agreed agricultural value of the land at £5,500 on the grounds that it was a ransom strip . H appealed to CA claiming that the LT had not observed the Pointe Gourde principle or properly applied Land Compensation Act s5 Rule 3 . CA referred the case back to the LT but agreed that Rule 3 did not apply. H applied for leave to appeal to the HL. HL held that under the Land Compensation Act 1961 s5(3), the special suitability of land for a purpose was only to be disregarded in assessing compensation for compulsory purchase if the statutory powers in pursuance of
650 ## - SUBJECT ADDED ENTRY--TOPICAL TERM
Topical term or geographic name entry element ACCESS
650 ## - SUBJECT ADDED ENTRY--TOPICAL TERM
Topical term or geographic name entry element FARMLAND
650 ## - SUBJECT ADDED ENTRY--TOPICAL TERM
Topical term or geographic name entry element LAND VALUES
690 ## - LOCAL SUBJECT ADDED ENTRY--TOPICAL TERM (OCLC, RLIN)
Topical term or geographic name as entry element ENVIRONMENTAL AND LAND CONSULTANCY-PLANNING AND DEVELOPMENT-COMPULSORY PURCHASE AND COMPENSATION
942 ## - ADDED ENTRY ELEMENTS (KOHA)
Suppress in OPAC 0
948 ## - LOCAL PROCESSING INFORMATION (OCLC); SERIES PART DESIGNATOR (RLIN)
c (OCLC) 04/03/1997
Holdings
Withdrawn status Lost status Source of classification or shelving scheme Damaged status Not for loan Home library Current library Shelving location Date acquired Total Checkouts Full call number Barcode Date last seen Copy number Price effective from Koha item type
    Dewey Decimal Classification     London London Journal article 14/09/1999   ABS44237 46030-1001 06/08/2019 1 06/08/2019 Law report